000 00525cam a2200145 4500500
005 20251012010543.0
041 _afre
042 _adc
100 1 0 _aCerf, Juliette
_eauthor
245 0 0 _aRené Girard : “ L’accroissement de la puissance de l’homme sur le réel m’effraie”
260 _c2008.
500 _a34
786 0 _nPhilosophie magazine | 23 | 10 | 2008-10-01 | p. 16-18 | 1951-1787
856 4 1 _uhttps://shs.cairn.info/magazine-philosophie-magazine-2008-10-page-16?lang=fr&redirect-ssocas=7080
999 _c1519681
_d1519681